000 00607nam a2200229Ia 4500
003 OSt
005 20220928104815.0
006 a|||||r|||| 00| 0
007 ta
008 220927b |||||||| |||| 00| 0 eng d
024 _a94966
037 _cTextual
040 _aSDCL
_cSDCL
_beng
041 _2eng
_aeng
082 _aO152(Y15),3N4x, P5
100 _aSudha Singh Ed.
_9412220
245 0 _aIstri -katha.
260 _aNew Delhi
_bAanamika Publishing
_c2005
300 _a307p.
_ccm.
942 _hO152(Y15),3N4x, P5
_cTEXL
_2CC
999 _c727938
_d727938